Το νομικό πλαίσιο οργάνωσης και λειτουργίας της τριτοβάθμιας εκπαίδευσης Α.Ε.Ι. - Τ.Ε.Ι. (1982-2007) : νομοθεσία, νομολογία, νέοι θεσμοί, Δ.Ο.Α.Τ.Α.Π. (π.ΔΙΚΑΤΣΑ), Ανώτατα Στρατιωτικά Εκπαιδευτικά Ιδρύματα, Ανώτατες Εκκλησιαστικές Ακαδημίες : το νέο θεσμικό πλαίσιο για τη δομή και λειτουργία της ανώτατης εκπαίδευσης
Αποθηκεύτηκε σε:
| Κύριος συγγραφέας: | |
|---|---|
| Μορφή: | Βιβλίο |
| Γλώσσα: | Greek |
| Δημοσίευση: |
Αθήνα :
Σακκούλα,
c2007
|
| Έκδοση: | 3η έκδ. , ανάθ. και ενημερωμένη |
| Θέματα: | |
| Ετικέτες: |
Προσθήκη ετικέτας
Δεν υπάρχουν, Καταχωρήστε ετικέτα πρώτοι!
|
MARC
| LEADER | 00000nam a2200000 i 4500 | ||
|---|---|---|---|
| 001 | 1/77755 | ||
| 008 | 080318s2007 gre d | ||
| 020 | |a 978-960-445-180-7 | ||
| 035 | |l 10095565 | ||
| 040 | |a GR-MY-UA |b gre |e aacr | ||
| 041 | 0 | |a gre | |
| 082 | 0 | |a 344.074 |2 (22) | |
| 100 | 1 | |a Πουλής, Παναγιώτης Ε. | |
| 245 | 1 | 3 | |a Το νομικό πλαίσιο οργάνωσης και λειτουργίας της τριτοβάθμιας εκπαίδευσης Α.Ε.Ι. - Τ.Ε.Ι. (1982-2007) : |b νομοθεσία, νομολογία, νέοι θεσμοί, Δ.Ο.Α.Τ.Α.Π. (π.ΔΙΚΑΤΣΑ), Ανώτατα Στρατιωτικά Εκπαιδευτικά Ιδρύματα, Ανώτατες Εκκλησιαστικές Ακαδημίες : το νέο θεσμικό πλαίσιο για τη δομή και λειτουργία της ανώτατης εκπαίδευσης / |c Παναγιώτης Ε. Πουλής |
| 250 | |a 3η έκδ. , ανάθ. και ενημερωμένη | ||
| 260 | |a Αθήνα : |b Σακκούλα, |c c2007 | ||
| 300 | |a xxii, 684 σ.; |c 22 εκ. | ||
| 504 | |a Περιλαμβάνει ευρετήριο. | ||
| 650 | 0 | 0 | |a Education, Higher |x Law and legislation |z Greece. |
| 650 | 0 | 0 | |a Educational law and legislation |z Greece. |
| 852 | |a INST |b SYROS |e 20080318 |h 344.074 ΠΟΥ |p 005500006344 |q 005500006344 |t BK |y 0 | ||
| 901 | |a BIBL5-2008-1 | ||
| 909 | |a Ε |b 133631 | ||
| 922 | |a 5ΕΛΗ |b 200709 |c ΒΙΒΛΙΟΘΗΚΗ ΣΥΡΟΥ |d GLORYBOOK | ||
| 970 | |a ΚΑΓΙΑΒΑ |b ΕΙΡΗΝΗ |z 2008/03/18 | ||